000 00664cam a22002293a 4500
001 9775
003 PGUSA
005 20140828083216.0
008 060101s2006||||xxu|||||s|||||000 1 eng d
040 _aPGUSA
_beng
042 _adc
050 4 _aPS
100 1 _aBonner, Geraldine,
_d1870-1930
245 1 0 _aTreasure and Trouble Therewith :
_bA Tale of California
_h[electronic resource] /
_cGeraldine Bonner
260 _bProject Gutenberg,
_c2006
506 _aPublic domain in the USA.
516 _aElectronic text
653 _aCalifornia -- Fiction
830 0 _aProject Gutenberg
_v9775
856 4 0 _uhttp://www.gutenberg.org/ebooks/9775
942 _cEB
999 _c239031
_d239031